| 000 | 00472nam a2200193Ia 4500 | ||
|---|---|---|---|
| 003 | OSt | ||
| 005 | 20230510101400.0 | ||
| 008 | 210423s1984 xx 000 0 und d | ||
| 040 | _cAL | ||
| 041 | _aeng | ||
| 082 |
_a158.7 _223 _bBLUI |
||
| 100 |
_aBLUM (M C);NAYLOR (J C). _9101893 |
||
| 245 | _aIndustrial psychology. | ||
| 260 |
_aDelhi _bC B S Publications _c1984 |
||
| 300 | _bPB | ||
| 365 |
_b160 _cINR |
||
| 906 | _aIndustrial ; psychology. | ||
| 942 |
_2ddc _cBK |
||
| 999 |
_c171760 _d171760 |
||